La grieta blanca / (Registro nro. 3262)
[ vista simple ]
| 000 -LEADER | |
|---|---|
| fixed length control field | 00984nam a2200193 a 4500 |
| 008 - CAMPO DE CONTROL (LIBRO) | |
| fixed length control field | 180221t2013 ag ||||g |||| 00| 1 spa d |
| 020 ## - INTERNATIONAL STANDARD BOOK NUMBER | |
| ISBN | 9789876126854 |
| 041 ## - CODIGO DE IDIOMA | |
| Código de idioma del texto/pista de sonido o título separado | spa |
| 092 ## - SIGNATURA TOPOGRAFICA DEWEY LOCAL | |
| número de clasificación | 808 |
| libristica | 53 |
| sección | MOR |
| 100 1# - ENTRADA PRINCIPAL--NOMBRE PERSONAL | |
| Nombre personal | Moriarty, Jaclyn |
| 9 (RLIN) | 4311 |
| 245 #3 - TITULO PROPIAMENTE DICHO | |
| Título | La grieta blanca / |
| Mención de responsabilidad y remanente de la transcripción de la portada | Jaclyn Moriarty |
| 250 ## - MENCION DE EDICION | |
| Mención de edición | 1a ed. |
| Mención de responsabilidad relacionada con la ed. | Traducción y adaptación Silvina Poch. Ilustación de cubierta Dolores Avendaño |
| 260 ## - PIE DE IMPRENTA | |
| Lugar de publicación, distribución, etc | Buenos Aires: |
| Nombre de la editorial, distribuidor, etc | V&R editoras; |
| Fecha de publicación | 2013. |
| 300 ## - DESCRIPCION FISICA | |
| Extension | 352 p. |
| Dimensiones | 21x14 cm. |
| 500 ## - NOTA GENERAL | |
| Nota general | Moriarty, J. (2013). La grieta blanca. (1a ed.). Buenos Aires : V&R editoras. |
| 505 ## - NOTA DE CONTENIDO | |
| Nota de contenido formateada | Una grieta comunica nuestro mundo con un reino donde los colores tiene vida propia, algunos son peligrosos y hasta pueden atacar. Madeleine y Elliot, cada uno en su lado, entablan una curiosa correspondencia que revela que, aún en la realidad más dura existe una salida hacia un universo paralelo donde todo es posible. Especialmente la magia... |
| 655 ## - MATERIA - GENERO/FORMA | |
| Género/Forma | Literatura |
| -- | 2917 |
| 942 ## - ADDED ENTRY ELEMENTS (KOHA) | |
| Source of classification or shelving scheme | Dewey Decimal Classification |
| Item type | LITERATURA |
| Estado de retiro | Existencia | Fuente de clasificación | Estado general | No para prestamo | Ubicación permanente | ubicación actual | Sala de ubicación | Fecha de adquisición | Fuente de adquisición | Total Checkouts | Número de clasificación | Código de barras | Date last seen | Price effective from | Koha tipo de elemento (item) | Public note | Coded location qualifier |
|---|---|---|---|---|---|---|---|---|---|---|---|---|---|---|---|---|---|
| Dewey Decimal Classification | Biblioteca Medicina | Biblioteca Medicina | Circulación | 14/05/2025 | Donación Mayo 2025, Hernández, Maria José. | 808 52 MOR | 5021 | 14/05/2025 | 14/05/2025 | LITERATURA | Donación Mayo 2025, Hernández, Maria José. Sede Tordos |